|
|
|
|
| LEADER |
00000nab a2200000 a 4500 |
| 001 |
vtls000566597 |
| 003 |
SK-MaSNL |
| 005 |
20260304045123.0 |
| 008 |
150205c1995 xo 0 slo |
| 015 |
|
|
|a SNBRB19rr/mm-uuuuu
|
| 035 |
|
|
|a CL0566735
|
| 040 |
|
|
|a SNKBUCL
|b slo
|c SNKBUCL
|e AACR2
|
| 041 |
0 |
|
|a slo
|
| 044 |
|
|
|a xo
|c SK
|
| 080 |
|
|
|a 327(437.6:435.9)
|2 1981
|
| 080 |
|
|
|a 327(435.9:437.6)
|2 1981
|
| 245 |
0 |
0 |
|a V Luxembursku ocenili hospodársky pokrok a výsledky Slovenska
|
| 650 |
0 |
7 |
|a zahraničná politika
|2 snkbucl
|9 971
|
| 651 |
|
7 |
|a Slovensko
|2 snkbucl
|
| 651 |
|
7 |
|a Luxembursko
|2 snkbucl
|9 17434
|
| 655 |
|
7 |
|a články z novín a časopisov
|2 snkbucl
|9 267496
|
| 773 |
0 |
|
|t Slovenská republika
|g Roč. 2, č. 279 (2. 12. 1995), s. 7
|
| 850 |
|
|
|a Slovenská národná knižnica v Martine
|a MTA001
|
| 852 |
|
|
|a SNK
|b KIS3GCP
|
| 958 |
|
|
|a RK
|
| 992 |
|
|
|a RBX
|
| 999 |
|
|
|c 2690421
|d 2692351
|